MARC details
| 000 -CABECERA |
| campo de control de longitud fija |
01052nam a2200265 a 4500 |
| 001 - NÚMERO DE CONTROL |
| campo de control |
000018918 |
| 005 - FECHA Y HORA DE LA ÚLTIMA TRANSACCIÓN |
| campo de control |
20200929165901.0 |
| 008 - DATOS DE LONGITUD FIJA--INFORMACIÓN GENERAL |
| campo de control de longitud fija |
100520s1972 mx 000 0 spa d |
| 040 ## - FUENTE DE LA CATALOGACIÓN |
| Centro catalogador/agencia de origen |
DO-SdBNP |
| Lengua de catalogación |
spa |
| Centro/agencia transcriptor |
BNPHU |
| 082 ## - NÚMERO DE LA CLASIFICACIÓN DECIMAL DEWEY |
| Número de clasificación |
155.43 |
| Número de documento/Ítem |
C961n |
| 049 ## - FONDOS LOCALES (OCLC) |
| Fondos de biblioteca |
BNGR |
| 245 00 - MENCIÓN DE TÍTULO |
| Título |
Cuando el niño pregunta / |
| Mención de responsabilidad, etc. |
compiladores Isadore Rubín, Lester A. Kirkendall : traducido por Orlanco Espinosa de los Monterios, Macía Espinosa de los Monterios. |
| 260 ## - PUBLICACIÓN, DISTRIBUCIÓN, ETC. |
| Lugar de publicación, distribución, etc. |
México : |
| Nombre del editor, distribuidor, etc. |
Pax-México ; |
| -- |
Libreria Carlos Cesarman, |
| Fecha de publicación, distribución, etc. |
1972. |
| 300 ## - DESCRIPCIÓN FÍSICA |
| Extensión |
197 p. ; |
| Dimensiones |
21 cm. |
| 490 1# - MENCIÓN DE SERIE |
| Mención de serie |
Educación sexual |
| 534 ## - NOTA SOBRE LA VERSIÓN ORIGINAL |
| Frase introductoria |
Título original en inglés: |
| Mención de título del original |
Sex in the childhood years, |
| Publicación, distribución, etc. del original |
New York : Sexology Corporation, 1970 |
| 650 #4 - PUNTO DE ACCESO ADICIONAL DE MATERIA--TÉRMINO DE MATERIA |
| Término de materia o nombre geográfico como elemento de entrada |
Sexo (psicología) |
| 9 (RLIN) |
153 |
| 650 #4 - PUNTO DE ACCESO ADICIONAL DE MATERIA--TÉRMINO DE MATERIA |
| Término de materia o nombre geográfico como elemento de entrada |
Manejo de niños |
| 9 (RLIN) |
799 |
| 700 1# - PUNTO DE ACCESO ADICIONAL--NOMBRE DE PERSONA |
| Nombre de persona |
Rubín, Isadore, |
| Término indicativo de función/relación |
comp. |
| 9 (RLIN) |
40719 |
| 700 1# - PUNTO DE ACCESO ADICIONAL--NOMBRE DE PERSONA |
| Nombre de persona |
Kirkendall, Lester A., |
| Término indicativo de función/relación |
comp. |
| 9 (RLIN) |
40720 |
| 700 1# - PUNTO DE ACCESO ADICIONAL--NOMBRE DE PERSONA |
| Nombre de persona |
Espinosa de los Monterios, Orlando |
| Término indicativo de función/relación |
tr. |
| 9 (RLIN) |
40721 |
| 700 1# - PUNTO DE ACCESO ADICIONAL--NOMBRE DE PERSONA |
| Nombre de persona |
Espinosa de los Monterios, Macía |
| Término indicativo de función/relación |
tr. |
| 9 (RLIN) |
40722 |
| 830 #0 - PUNTO DE ACCESO ADICIONAL DE SERIE-TÍTULO UNIFORME |
| Título uniforme |
Educación sexual |
| 9 (RLIN) |
26381 |
| 910 ## - DATOS DE OPCIÓN DEL USUARIO (OCLC) |
| Datos de opción del usuario |
En proceso |